Apsilon - Lost in Berlin (all lyrics) - Statistiken

Allgemein
  • Dieses Quiz wurde 9 mal gespielt
  • Das Durchschnittsergebnis liegt bei 189 aus 293
Antwortstatistiken
Antwort % Korrekt
Berlin
100%
Ich
100%
ich
100%
in
100%
lost
100%
aus
83%
Ausser
83%
bin
83%
Bisschen
83%
Bitte
83%
Die
83%
die
83%
dir
83%
Dir
83%
fühl
83%
führ
83%
Führ
83%
heute
83%
hinters
83%
Licht
83%
mich
83%
nicht
83%
nichts
83%
zu
83%
atmen
67%
auf
67%
das
67%
der
67%
du
67%
Du
67%
Hab
67%
hör
67%
Hör
67%
Kapuze
67%
Nacht
67%
nix
67%
sie
67%
Vergessen
67%
Wir
67%
Brandenburg
50%
draussen
50%
es
50%
hell
50%
Lichter
50%
und
50%
uns
50%
von
50%
wär
50%
Welt
50%
wie
50%
wo
50%
zerschellen
50%
als
33%
an
33%
Asphalt
33%
aufgehen
33%
Banken
33%
beben
33%
brenn
33%
dass
33%
deine
33%
einen
33%
Erde
33%
falsch
33%
Flammen
33%
ganz
33%
Gebäude
33%
Geld
33%
habe
33%
Häuser
33%
her
33%
hier
33%
im
33%
ist
33%
kalt
33%
Kinder
33%
kurz
33%
lächelst
33%
laut
33%
legen
33%
Luft
33%
Mensch
33%
Mittelmeer
33%
ne
33%
nur
33%
ob
33%
obs
33%
park
33%
schluckt
33%
sind
33%
sitz
33%
Stimme
33%
Strasse
33%
Türkei
33%
Unterkunft
33%
weit
33%
Welle
33%
Wolken
33%
dachte
17%
entfernt
17%
fällt
17%
fragst
17%
fühlen
17%
ganze
17%
gucken
17%
heimgekehrt
17%
Herzen
17%
kleine
17%
klingelt
17%
kommst
17%
kommt
17%
leichter
17%
leiser
17%
mehr
17%
mein
17%
Mein
17%
mir
17%
nie
17%
rausgegangen
17%
runter
17%
sag
17%
so
17%
steck
17%
Telefon
17%
Tod
17%
Vögel
17%
vorgenommen
17%
weinen
17%
werden
17%
inshallah
0%
selbst
0%
Keine übereinstimmenden Quizze gefunden
Verteilung der Resultate
Anzahl Personen mit jedem Resultat
Perzentil nach korrekt beantworteten Fragen
Ihre Resultats-Entwicklung
Sie haben dieses Quiz noch nicht gespielt